000 00592nam a22002057a 4500
001 3745
003 BD-RjUL
005 20211208233758.0
008 131221s1976 enk||||| |||| 00| 0 eng d
035 _a(BD-RjUL)3779
040 _aBD-RjUL
_beng
_cBD-RjUL
_dBD-RjUL
041 _aeng
082 _a 332.414082
_bNEW
100 _aMario Monti
_911893
245 _aThe "New inflation" and monetary policy : proceedings of a conference /
260 _a New York :
_b Holmes & Meier Publishers,
_c1976
300 _a xvii, 307 p. :
_b;
_c23 cm.
700 _a Monti Mario
_911894
942 _2ddc
_cBK
999 _c3745
_d3745